000 00486nam a2200181Ia 4500
008 240925s9999 xx 000 0 und d
020 _a130112623
082 _a005.74 HSI
100 _aHsiao ,David K.
245 0 _aAdvanced Database Machine Architecture
250 _aNA
260 _aLondon:
_bPrentice, Hall
_c,1983.
300 _axiv,280p.
_bNA
_fOriginal
500 _aNA
600 _aComputer Science
650 _aComputer science, information & general works
942 _cBK
999 _c3655
_d3655